A la découverte du Portugal manuélin / (Record no. 168816)

MARC details
000 -LEADER
campo de control de longitud fija 00735nam a22002175i 4500
001 - NÚMERO DE CONTROL
campo de control 168816
003 - IDENTIFICADOR DE NÚMERO DE CONTROL
campo de control ES-MaACL
005 - FECHA Y HORA DE LA ÚLTIMA TRANSACCIÓN
campo de control 20230906213911.0
008 - DATOS DE LONGITUD FIJA--INFORMACIÓN GENERAL
campo de control de longitud fija 080612s1975 be |||| | fre d
080 ## - NÚMERO DE LA CLASIFICACIÓN DECIMAL UNIVERSAL
Número de la Clasificación Decimal Universal 72.033.5(469)
100 1# - ENTRADA PRINCIPAL--NOMBRE DE PERSONA
Nombre de persona Duval, Monique.
9 (RLIN) 137933
245 10 - MENCIÓN DEL TÍTULO
Título A la découverte du Portugal manuélin /
Mención de responsabilidad, etc. Monique et Yves Duval.
260 ## - PUBLICACIÓN, DISTRIBUCIÓN, ETC.
Lugar de publicación, distribución, etc. Verviers (Belgique) :
Nombre del editor, distribuidor, etc. Marabout,
Fecha de publicación, distribución, etc. [1975]
300 ## - DESCRIPCIÓN FÍSICA
Extensión 189 p., [6] p. de lám. :
Otras características físicas il. ;
Dimensiones 18 cm.
490 1# - MENCIÓN DE SERIE
Mención de serie Guide marabout ;
Designación de volumen o secuencia 12
650 14 - PUNTO DE ACCESO ADICIONAL DE MATERIA--TÉRMINO DE MATERIA
Término de materia o nombre geográfico como elemento de entrada Arquitectura manuelina.
9 (RLIN) 137934
700 1# - ENTRADA AGREGADA--NOMBRE PERSONAL
Nombre de persona Duval, Yves.
9 (RLIN) 137935
830 0# - PUNTO DE ACCESO ADICIONAL DE SERIE-TÍTULO UNIFORME
Título uniforme Guide marabout ;
Designación de volumen o secuencia 12
9 (RLIN) 222762
852 ## - LOCALIZACIÓN
Ubicación ES-MaACL
Número de control de estantería E-12191
itemnumber R. 190421
Nota libre .- Biblioteca Jacinto Martínez Lacalle
Holdings
Estatus retirado Estado de pérdida Estado de daño No para préstamo Biblioteca de origen Biblioteca actual Ubicación en estantería Fecha de adquisición Fuente de adquisición Total de préstamos Signatura topográfica completa Código de barras Visto por última vez Precio de reemplazo Tipo de ítem Koha
        Biblioteca del Ateneo de Madrid Biblioteca del Ateneo de Madrid Depósito 2 12/06/2008     E-12191 1177159 23/02/2023 23/02/2023 Libro impreso